01004nam a2200289 i 4500001001000000003000900010005001700019007000300036008004100039020001500080040003000095041000800125082002900133100007600162245006100238250002200299264004900321300003300370336002700403337003300430338002800463500007000491504002800561504007300589650002300662650002900685000007414DO-SdBNP20250903091725.0ta090908s1997 dr 000 0 spa d a8460546349 aDO-SdBNPbspacBNPHUerda aspa 4a658.562bC744s, 19972221 aConcepción y García, Js. Gilberto,q(Jesús Gilberto)eautor4aut.10aSimplemente calidad /cGilberto Concepción y García. aSegunda edición 1aSanto Domingo :bImpresora Saladín,c1997. axix, 191 páginas ;c22 cm. atextobtxt2rdacontent asin mediaciónbn2rdamedia avolumenbnc2rdacarrier aIncluye datos biográficos del autor en la solapa de la cubierta aBibliografía : p. 191 aIncluye referencias bibliográficas y notas al pie de las páginas 4aControl de calidad 4aCalidad de los productos